1486 1583 1469 1053 1954 1949 1146 1403 1495 1350 1855 1397 1686 1723 1233 1673 1003 1338 1846 1685 1960 1409 1616 1491 1509 1676 1428 1750 1868 1314 1169 1820 1242 1645 1550 1887 1963 1614 1107 1689 1948 1981 1438 1491 1203 1407 1793 1545 1385 1122 1519 1443 1305 1059 1163 1028 1112 1487 1740 1857 1784 1315 1491 1611 1050 1811 1744 1051 1312 1461 1860 1587 1499 1523 1051 1180 1643 1411 1357 1010 1756 1978 1075 1549 1141 1864 1499 1973 1524 1236 1874 1410 1914 1651 1844 1678 1482 1099 1686 BCNSPRNW ULIB Ver.6.0+V

เปลี่ยนเป็นภาษาไทย

Change to English
 แสดงรายละเอียดบรรณานุกรม
  กลับหน้าหลัก

Brief Record : Get Marc (ISO 2709) : E-mail record : QR code < ปิดหน้าต่าง
LEADER : 00000nam 2200000uu 4500
001    13399110688
003     ULIB
008    110607s2551||||th 000 0 tha d
020    9789741672394
060  4 WS100^bน313O 2551
100 0  นวลจันทร์ ปราบพาล.
245 10 Optimizing health care in pediatrics /^cนวลจันทร์ปราบพาล...[และคนอื่น ๆ], บรรณาธิการ.
246 32 การอบรมระยะสั้นกุมารเวชศาสตร์ : Optimizing health care in pediatrics.
250    พิมพ์ครั้งที่ 1.
260    กรุงเทพฯ :^bภาควิชากุมารเวชศาสตร์ คณะแพทยศาสตร์จุฬาลงกรณ์มหาวิทยาลัย,^c2551.
300    ix, 262 หน้า :^bภาพประกอบ ;^c27 ซม.
500    ปกนอกให้ชื่อว่า: การอบรมระยะสั้นกุมารเวชศาสตร์ : Optimizing healthcare in pediatrics.
500    ดัชนี.
504    เอกสารอ้างอิงท้ายบท.
650  2 Pediatrics^xcongresses.
710 2  จุฬาลงกรณ์มหาวิทยาลัย.^bคณะแพทยศาสตร์.^bภาควิชากุมารเวชศาสตร์.
945    ^p0^l0^i024092
945    ^p0^l0^i024091
945    ^p0^l0^i025689
995    ทศพร
999 ^a ใช้งานได้ทุกระบบ
รายการนี้ยังไม่มีแท็ก
คุณยังไม่ได้ล็อกอิน คุณสามารถมีกิจกรรมร่วมกับเว็บไซต์ได้ แต่ต้องล็อกอินก่อน ::
  ล็อกอิน

รายการสื่อสารสนเทศ

ลำดับที่ ประเภท เลขเรียก/บาร์โค้ด สถานที่ สถานะ
1. วิทยาศาสตร์การแพทย์ และสุขภาพ
วิทยาศาสตร์การแพทย์ และสุขภาพ
WS100 น313O 2551 ฉ.5 
  Barcode: 025689
ห้องสมุดวิทยาเขตสวรรค์ประชารักษ์
►หนังสือทั่วไป
บนชั้น

รายการใกล้เคียง
    ผู้แต่ง [นวลจันทร์ ปราบพาล.]

BibComment


ยังไม่เคยถูกคอมเมนท์

คอมเมนท์ทรัพยากรรายการนี้
  คอมเมนท์: Optimizing health..


 Copyright 2026. Bcnsprnw @Library